| 000 | 01101cam a2200313 a 4500 | ||
|---|---|---|---|
| 999 |
_c331140 _d331140 |
||
| 001 | 1667917 | ||
| 003 | NUST | ||
| 005 | 20170919120157.0 | ||
| 008 | 971009s1996 pk 000 0 urdo | ||
| 010 | _a 97930054 | ||
| 020 | _a9789695620809 | ||
| 025 | _aP-U-97930054; 08 | ||
| 040 |
_aDLC _cDLC _dDLC |
||
| 042 | _alcode | ||
| 043 | _aa-pk--- | ||
| 050 | 0 | 0 |
_aDS392.B28 _bB84 1996 |
| 082 |
_a 954.915 _bBUG |
||
| 100 | 1 |
_aBugtī, ʻAzīz Muḥammad, _d1949- _94553 |
|
| 245 | 1 | 0 |
_aBalūcistān, shak̲h̲ṣiyāt ke āʼīnah men̲ / _cʻAzīz Muḥammad Bugtī. |
| 250 | _a[Rev. ed.] | ||
| 260 |
_aLāhore : _bFikshan Hāʼūs, _c1996. |
||
| 300 |
_a194 p. ; _c22 cm. |
||
| 520 | _aBiographical sketches of eminent politicians of Baluchistan. | ||
| 546 | _aIn Urdu; foreword in English and Urdu. | ||
| 650 | 0 |
_aPoliticians _zPakistan _zBalochistān _xBiography. _94643 |
|
| 651 | 0 |
_aBalochistān (Pakistan) _xPolitics and government. _93937 |
|
| 880 |
_6100-01\(3\r _aعزیز محمد بگٹی |
||
| 880 |
_6245-02\(3\r _aبلوچستان: _bشخصیات کے آئینہ میں _cعزیز محمد بگٹی |
||
| 880 |
_6260-03\(3\r _aلاہور: _bفکشن ہاؤس، _c2010 |
||
| 906 |
_a7 _bcbc _corigode _d3 _encip _f19 _gy-gencatlg |
||
| 942 |
_2ddc _cBK |
||